000 00798nam a2200217Ii 4500
003 JO-AjNU
008 230605s9999||||xx |||||||||||||| ||und||
017 _a2000/7168
020 _a977-04-2956-2
040 _aJO-AjNU
_bara
_erda
_cJO-AjNU
041 _aara
050 1 4 _aHF 5548 .32 .M85 2000
100 3 _aمجاهد، اسامة ابو الحسن,
_eauthor
_947208
245 0 0 _aخصوصية التعاقد عبر الانترنت
264 3 1 _aالقاهرة: دار النهضة العربية، 2000
300 _a148ص
_bيحتوي على ببلوغرافية من 132-148ص
336 _atext
_btxt
_2rdacontent
337 _aunmediated
_bn
_2rdamedia
338 _avolume
_bnc
_2rdacarrier
650 4 _aالتجارة الإلكترونية  - العقود الادارية
_947209
999 _aA20592
_c24160
_d24160